| 000 | 00833cam a22002654a 4500 | ||
|---|---|---|---|
| 020 | _a9780812241525 (alk. paper) | ||
| 020 | _a0812241525 (alk. paper) | ||
| 040 | _cDLC | ||
| 082 | 0 | 0 | _a362 ICI 2009 C162 Or. |
| 245 | 0 | 0 |
_aReproductive health and human rights : _bthe way forward / |
| 260 |
_aPhiladelphia : _bUniversity of Pennsylvania Press, _cc2009. |
||
| 300 |
_aviii, 292 p. : _bill. ; _c24 cm. |
||
| 490 | 1 | _aPennsylvania studies in human rights | |
| 650 | 0 | _aHuman rights. | |
| 650 | 0 | _aReproductive health. | |
| 650 | 0 | _aInternational cooperation. | |
| 650 | 0 | _aRight to health. | |
| 650 | 1 | 2 | _aReproductive Medicine. |
| 650 | 2 | 2 | _aInternational Cooperation. |
| 650 | 2 | 2 | _aReproductive Rights. |
| 650 | 2 | 2 | _aWomen's Health. |
| 700 | 1 | _aReichenbach, Laura. | |
| 700 | 1 | _aRoseman, Mindy Jane. | |
| 942 | _cAEDBB | ||
| 999 |
_c19308 _d19308 |
||